000 00648nam a22002297a 4500
001 90046
003 UA-OsUOA
005 20220410143217.0
007 ta
008 20121113b un ||||| |||| 00| 0 ukr d
040 _aUA-OsUOA
_bukr
_cUA-OsUOA
_dUA-OsUOA
041 _aukr
080 _a821.161.2
090 _a821.161.2
_bК73
100 _aКотляревський І.
245 _aТвори
260 _aК.
_bДержавне видавництво художньої літератури
_c1963
300 _a348 с.
650 7 _a82 Література. Літературознавство
_2UDC
942 _cBK
_2udc
955 _a3
999 _c376721
_d376721